Statistics for Top 25 Countries by Deaths from the COVID-19 Coronavirus

Click here to take the quiz!

General Stats

  • This quiz has been taken 236 times
    (177 since last reset)
  • The average score is 18 of 25

Answer Stats

# of DeathsCountry% Correct
54,300United States
99%
4,650China
94%
26,400Italy
93%
22,900Spain
91%
20,300United Kingdom
91%
22,600France
89%
5,900Germany
88%
4,050Brazil
87%
700Russia
85%
1,300Mexico
82%
2,450Canada
81%
850India
81%
5,650Iran
71%
2,200Sweden
69%
2,700Turkey
69%
6,900Belgium
65%
700Indonesia
65%
4,400Netherlands
65%
900Portugal
65%
550Austria
59%
1,600Switzerland
55%
1,050Ireland
53%
700Peru
47%
600Romania
33%
600Ecuador
30%

Score Distribution

Percentile by Number Answered

Percent of People with Each Score

Your Score History

You have not taken this quiz since the last reset